000 01591nam a2200433Ia 4500
001 ebr10560634
003 CaPaEBR
006 m o u
007 cr cn|||||||||
008 110413s2011 enka sb 001 0 eng|d
010 _z 2011014942
020 _z0470743301
020 _z1119970644
020 _z1119970652
020 _z1119998573
020 _z9780470743300
020 _z9781119970644
020 _z9781119970651
020 _z9781119998570
040 _aCaPaEBR
_cCaPaEBR
035 _a(OCoLC)773564764
050 1 4 _aRJ496.S7
_bC557 2011eb
082 0 4 _a618.92/855
_223
100 1 _aHoward, Sara.
245 1 0 _aCleft palate speech
_h[electronic resource] :
_bassessment and intervention /
_cSara Howard, Anette Lohmander.
260 _aChichester, West Sussex, UK ;
_aHoboken, NJ :
_bWiley-Blackwell,
_c2011.
300 _axv, 373 p. :
_bill.
504 _aIncludes bibliographical references and index.
533 _aElectronic reproduction.
_bPalo Alto, Calif. :
_cebrary,
_d2015.
_nAvailable via World Wide Web.
_nAccess may be limited to ebrary affiliated libraries.
650 0 _aArticulation disorders in children
_xPatients
_xRehabilitation.
650 0 _aCleft lip
_xTreatment.
650 0 _aCleft palate children
_xRehabilitation.
650 0 _aCleft palate
_xTreatment.
650 0 _aSpeech therapy.
655 7 _aElectronic books.
_2local
700 1 _aLohmander, Anette.
710 2 _aebrary, Inc.
856 4 0 _uhttp://site.ebrary.com/lib/rucke/Doc?id=10560634
_zAn electronic book accessible through the World Wide Web; click to view
999 _c96270
_d96270